000 00421nam a2200157Ia 4500
003 LK-CoDNM
008 010623t1957 xxu||||| |||| 00| 1 eng d
040 _aLK-CoDNM
_dLK-CoDNM
_eLK-CoDNM
041 _aeng
080 _a392.3(=96) FOR
100 _aFortes,Meyer
245 _aThe web of Kinship among the Tallensi
260 _bInternational African Institute
_aNew York
_c1957
300 _b358p, 21 cm
942 _cBK
999 _c104448
_d104448